000 00593nam a2200205Ia 4500
005 20241129110130.0
008 241129s9999||||xx |||||||||||||| ||und||
037 _aTB
040 _aARTS
_beng
_cARTS
041 _aeng
_2ara
084 _aP280aQ7:26 28R0
_qARTS
100 _aSalam Mohammad Zaghlool Au.
_9175440
245 0 _aDarasat fi al-qissah al-arbia al-hadees
_cSalam Mohammad Zaghlool Au.
260 _c2020
300 _a462p.
365 _aINR
_b640
650 _aArabic LanguageIslamHadith
_9727328
942 _cTB
_hP280aQ7:26 28R0
999 _c1227429
_d1227429